It looks like you're offline.
Open Library logo
additional options menu

MARC Record from Scriblio

Record ID marc_records_scriblio_net/part01.dat:23065477:994
Source Scriblio
Download Link /show-records/marc_records_scriblio_net/part01.dat:23065477:994?format=raw

LEADER: 00994cam 2200301 a 4500
001 00105775
003 DLC
005 20021118090758.0
008 000619s2001 paua b 000 0 eng d
010 $a 00105775
020 $a1563979314
035 $a(OCoLC)ocm47652936
040 $aGDD$cGDD$dVHB$dDLC
042 $alccopycat$alcac
050 00 $aHV8025$b.R87 2001
082 00 $a363.2/32$221
100 1 $aRussell, Joan Plummer.
245 10 $aAero and Officer Mike :$bpolice partners /$cby Joan Plummer Russell ; photographs by Kris Turner Sinnenberg.
250 $a1st ed.
260 $aHonesdale, Pa. :$bCaroline House, Boyds Mills Press,$c2001.
300 $a1 v. (unpaged) :$bcol. ill. ;$c28 cm.
520 $aA photo essay about a police dog and his human partner at work and play.
650 0 $aPolice dogs$vJuvenile literature.
650 0 $aPolice$vJuvenile literature.
650 1 $aPolice dogs.
650 1 $aDogs.
650 1 $aPolice.
700 1 $aSinnenberg, Kris Turner,$eill.